Príprava a použitie železanov pri dočisťovaní odpadných vôd
Saved in:
| Main Author: | |
|---|---|
| Other Authors: | |
| Format: | Manuscript Book |
| Language: | Slovak |
| Published: |
2015
|
| Subjects: | |
| Online Access: | http://is.stuba.sk/zp/portal_zp.pl?podrobnosti=113048 |
| Tags: |
No Tags, Be the first to tag this record!
|
MARC
| LEADER | 00000ntm a22000003a 4500 | ||
|---|---|---|---|
| 001 | stuzp52768 | ||
| 003 | SK-STU | ||
| 005 | 20160719154256.3 | ||
| 007 | ta | ||
| 008 | 150427s2015----xo-----f-mn---000-0-slo-d | ||
| 040 | |a STU |b slo | ||
| 041 | 0 | |a slo | |
| 100 | 1 | |a Juricová Švaňová, Katarína |u 042120 |4 aut |U FCHPT Ústav anorganickej chémie, technológie a materiálov |T FCHPT Oddelenie anorganickej technológie |X 68635 |U C2120 |Y 111 |7 68635 | |
| 242 | 0 | 1 | |a Synthesis and application ferrates in wastewater treatment |y eng |
| 245 | 1 | 0 | |a Príprava a použitie železanov pri dočisťovaní odpadných vôd |
| 260 | |c 2015 | ||
| 650 | 4 | |a železan |2 slo | |
| 650 | 4 | |a elektrochemická príprava |2 slo | |
| 650 | 4 | |a anódy |2 slo | |
| 650 | 4 | |a BDDE |2 slo | |
| 650 | 4 | |a electrochemical preparation |2 eng | |
| 650 | 4 | |a ferrate |2 eng | |
| 650 | 4 | |a anodes |2 eng | |
| 650 | 4 | |a BDDE |2 eng | |
| 700 | 1 | |a Gál, Miroslav, |d 1974- |4 ths |X 70968 |7 A0000070968 | |
| 856 | 4 | |u http://is.stuba.sk/zp/portal_zp.pl?podrobnosti=113048 | |
| SQL | |a stuzp52768 |b DDP |c SLO |d Príprava a použitie železanov pri dočisťovaní odpadných vôd |e 68635 |f Juricová Švaňová, Katarína |g 042120 |h 70968 |i Gál, Miroslav |j 20150608 |k 117 |l 04 |m http://is.stuba.sk/zp/portal_zp.pl?podrobnosti=113048 |n I-CHTI |o 5.2.18. chemické technológie | ||